[Event "ch-EU"]
[Site "Liverpool ENG"]
[Date "2006.09.07"]
[Round "2"]
[White "Haslinger,S"]
[Black "Conquest,S"]
[Result "1/2-1/2"]
[WhiteElo "2423"]
[BlackElo "2534"]

1.e4 c5 2.Nf3 d6 3.d4 cxd4 4.Nxd4 Nf6 5.Nc3 Nc6 6.Bg5 e6 7.Qd2 Be7 8.O-O-O Qb6
9.Ndb5 O-O 10.Qe1 Rd8 11.f3 Rd7 12.Be3 Qd8 13.Qf2 a6 14.Bb6 Qf8 15.Nc7 Rb8
16.Bc4 Rd8 17.f4 Bd7 18.f5 exf5 19.exf5 Rdc8 20.Bb3 Ne5 21.N7d5 Bc6 22.h3 Bd8
23.Ba7 Ra8 24.Nb6 Bxb6 25.Bxb6 Ned7 26.Bd4 b5 27.Rhe1 a5 28.Bxf6 Nxf6 29.Nd5 Bxd5
30.Bxd5 Rab8 31.Bf3 Rc5 32.g4 Nd7 33.Qd4 Ne5 34.Be4 Rd8 35.Bd5 Rdc8 36.Re2 Qe7
37.Kb1 h6 38.Bg2 Rd8 39.Qf4 Qf6 40.Bd5 Rdc8 41.Rh2 Qh4  1/2-1/2

[Event "I Open"]
[Site "Vitoria BRA"]
[Date "2006.09.08"]
[Round "3"]
[White "Fier,A"]
[Black "Barreto,C"]
[Result "1-0"]
[WhiteElo "2459"]
[BlackElo "2202"]

1.e4 c5 2.Nf3 Nc6 3.d4 cxd4 4.Nxd4 Nf6 5.Nc3 d6 6.Bg5 e6 7.Qd2 a6 8.O-O-O h6
9.Nxc6 bxc6 10.Bf4 d5 11.Qe3 Be7 12.Be2 Nd7 13.h4 Bb7 14.Qg3 Rc8 15.Bh5 g6
16.Bf3 Qa5 17.Bd6 Bxd6 18.Qxd6 Qc5 19.Qxc5 Nxc5 20.Rhe1 O-O 21.b3 Rcd8 22.e5 Ra8
23.Kb2 Rfb8 24.h5 Bc8 25.hxg6 fxg6 26.Ne2 Bd7 27.Rd4 Rf8 28.Rg4 g5 29.Rh1 Kg7
30.Ng3 Be8 31.Rd4 Nd7 32.Re1 Rf4 33.Ne2 Rf5 34.Rdd1 Rxe5 35.Nd4 Rxe1 36.Rxe1 Nf8
37.Nxe6+ Nxe6 38.Rxe6 h5 39.Kc3 Rc8 40.Be2 a5 41.Ba6 Rd8 42.Kd4 h4 43.f3 Bh5
44.Rxc6 Bxf3 45.gxf3 Rf8 46.Rc7+ Kh6 47.Bd3  1-0

[Event "I Open"]
[Site "Vitoria BRA"]
[Date "2006.09.08"]
[Round "4"]
[White "Bittencourt,J"]
[Black "Fier,A"]
[Result "1/2-1/2"]
[WhiteElo "2419"]
[BlackElo "2459"]

1.e4 c5 2.Nf3 d6 3.d4 cxd4 4.Nxd4 Nf6 5.Nc3 Nc6 6.Bg5 e6 7.Qd2 a6 8.O-O-O Bd7
9.f3 Rc8 10.h4 Be7 11.Be3 h5 12.Bg5 Ne5 13.f4 Neg4 14.Qe1 Qa5 15.Rh3 b5 16.a3 Qc7
17.Be2 Bf8 18.Kb1 Nh7 19.f5 g6 20.fxg6 fxg6 21.Bc1 Bg7 22.Bxg4 hxg4 23.Rhd3 Be5
24.Nde2  1/2-1/2

[Event "3rd LGA Premium Cup"]
[Site "Nuernberg GER"]
[Date "2006.09.10"]
[Round "7"]
[White "Wagner,Fl"]
[Black "Rau,H"]
[Result "0-1"]
[WhiteElo "2079"]
[BlackElo "2387"]

1.e4 c5 2.Nf3 Nc6 3.d4 cxd4 4.Nxd4 Nf6 5.Nc3 d6 6.Bg5 e6 7.Qd2 a6 8.O-O-O h6
9.Bh4 Nxe4 10.Nxe4 Qxh4 11.Qe3 d5 12.Nxc6 bxc6 13.Qb6 Qf4+ 14.Rd2 Rb8 15.Qa7 dxe4
16.Bxa6 Bb4 17.c3 Bxa6 18.Qxa6 Be7 19.Qxc6+ Kf8 20.h4 g5 21.g3 Qf3  0-1

[Event "3rd LGA Premium Cup"]
[Site "Nuernberg GER"]
[Date "2006.09.10"]
[Round "7"]
[White "Hirneise,T"]
[Black "Wells,P"]
[Result "0-1"]
[WhiteElo "2214"]
[BlackElo "2480"]

1.e4 c5 2.Nf3 Nc6 3.d4 cxd4 4.Nxd4 Nf6 5.Nc3 d6 6.Bg5 e6 7.Qd2 a6 8.O-O-O Bd7
9.f3 Be7 10.h4 h6 11.Be3 h5 12.g3 Qc7 13.Kb1 Ne5 14.Bd3 b5 15.Rc1 b4 16.Nd1 d5
17.exd5 Nxd5 18.Be4 Nc4 19.Qd3 O-O 20.Bxd5 exd5 21.Bf4 Qa7 22.Nf5 Bf6 23.Nd6 Bb5
24.Qf5 Nxb2 25.Bg5 Be7 26.Bxe7 Qxe7 27.Nxb5 Nxd1 28.Rcxd1 axb5 29.Rhe1 Qc7
30.Qxd5 Rac8 31.Qe4 Qa5 32.Qd5 Rc4 33.Kc1 Qxa2 34.Qd3 b3  0-1

[Event "3rd Szeged Cup"]
[Site "Szeged HUN"]
[Date "2006.09.10"]
[Round "1"]
[White "Barcsi,J"]
[Black "Madl,I"]
[Result "0-1"]
[WhiteElo "2051"]
[BlackElo "2375"]

1.e4 c5 2.Nf3 Nc6 3.d4 cxd4 4.Nxd4 Nf6 5.Nc3 d6 6.Bg5 e6 7.Qd2 a6 8.O-O-O Be7
9.f4 Nxd4 10.Qxd4 b5 11.e5 dxe5 12.Qxd8+ Bxd8 13.fxe5 Nd7 14.Bxd8 Kxd8 15.Bd3 Ke7
16.Rhe1 Rb8 17.Re3 Bb7 18.Rd2 Rhc8 19.Rf2 Rc5 20.Rfe2 Rbc8 21.Be4 Bxe4 22.Rxe4 Rc4
23.R4e3 Rf4 24.Nb1 Rf1+ 25.Re1 Rxe1+ 26.Rxe1 Rc5 27.Nd2 Rxe5 28.Rxe5 Nxe5
29.Ne4 Nc6 30.Kd2 f5 31.Nc5 a5 32.c3 Kd6 33.Nd3 e5 34.g3 g5 35.Ke3 e4 36.Nf2 Ke5
37.Nh3 h6 38.g4 f4+ 39.Ke2 Ne7 40.Nf2 Nd5 41.h3 f3+ 42.Kd1 Kf4 43.Ke1 e3
44.Nd3+ Kg3 45.Ne5 f2+ 46.Kf1 Nf4  0-1

[Event "EU-chB16"]
[Site "Herceg Novi MNE"]
[Date "2006.09.12"]
[Round "3"]
[White "Blomqvist,E"]
[Black "Martinovic,Sa"]
[Result "1/2-1/2"]
[WhiteElo "2133"]
[BlackElo "2367"]

1.e4 c5 2.Nf3 Nc6 3.d4 cxd4 4.Nxd4 Nf6 5.Nc3 d6 6.Bg5 e6 7.Qd2 a6 8.O-O-O Bd7
9.f4 b5 10.Bxf6 gxf6 11.Kb1 Qb6 12.Nxc6 Bxc6 13.f5 h5 14.Qe1 Be7 15.Bd3 b4
16.Ne2 e5 17.h4 a5 18.Ng3 Qc5 19.Qe2 a4 20.Bc4 a3 21.b3 Rd8 22.Qf3 Rh7 23.Rhe1 Kd7
24.Nxh5 Kc7 25.g4 Rdh8 26.Rd3 Kb8 27.Rc1 Qb6 28.Qe2 Rc8 29.c3 Rhh8 30.Bxf7 Rc7
31.Bd5 bxc3 32.Rdxc3 Rhc8 33.Rxc6 Rxc6 34.Rxc6 Rxc6 35.Bxc6 Qxc6 36.Qc4 Qb6
37.Ng3 d5 38.exd5 Qg1+ 39.Nf1 Qf2 40.Qc1 Bf8 41.Ne3 Bh6 42.g5 fxg5 43.d6 gxh4
44.d7 Bg5 45.Qc8+ Ka7 46.Qc7+ Ka8 47.Qc6+  1/2-1/2

[Event "EU-chB18"]
[Site "Herceg Novi MNE"]
[Date "2006.09.12"]
[Round "3"]
[White "Dragicevic,Draz"]
[Black "Jojua,D"]
[Result "0-1"]
[WhiteElo "2200"]
[BlackElo "2371"]

1.e4 c5 2.Nf3 d6 3.d4 cxd4 4.Nxd4 Nf6 5.Nc3 Nc6 6.Bg5 e6 7.Qd2 a6 8.O-O-O Nxd4
9.Qxd4 Be7 10.f4 O-O 11.Be2 b5 12.e5 dxe5 13.Qxd8 Bxd8 14.fxe5 Nd7 15.Bxd8 Rxd8
16.Bf3 Ra7 17.Rd6 Rc7 18.Bc6 Kf8 19.Rhd1 Ke7 20.a4 b4 21.Ne4 a5 22.c4 Rf8
23.Bxd7 Rxc4+ 24.Kb1 Rxe4 25.Bb5 Rxe5 26.Rc6 Rd5 27.Rdc1 Bd7 28.Rc7 Rd8 29.Ra7 Kf6
30.Rxa5 b3 31.h3 Rb8 32.Rf1+ Kg6 33.Ra7 Bxb5 34.axb5 f6 35.Ra6 e5 36.b6 Rd6
37.Kc1 Rbxb6 38.Rxb6 Rxb6 39.Rf3 f5  0-1

[Event "EU-chB16"]
[Site "Herceg Novi MNE"]
[Date "2006.09.12"]
[Round "3"]
[White "Ponizil,C"]
[Black "Edouard,R"]
[Result "0-1"]
[WhiteElo "2199"]
[BlackElo "2404"]

1.e4 c5 2.Nf3 Nc6 3.d4 cxd4 4.Nxd4 Nf6 5.Nc3 d6 6.Bg5 e6 7.Qd2 a6 8.O-O-O Bd7
9.f4 b5 10.Bxf6 gxf6 11.Kb1 Qb6 12.Nce2 Be7 13.g4 Na5 14.Ng3 Rc8 15.e5 Nc4
16.Bxc4 bxc4 17.Ne4 fxe5 18.fxe5 d5 19.Rhf1 Rb8 20.b3 cxb3 21.axb3 dxe4 22.Nf5 exf5
23.Qxd7+ Kf8 24.Rxf5 Qd8 25.Rxf7+ Kxf7 26.Qf5+ Kg7 27.Rxd8 Rhxd8 28.Qxe4 Rd1+
29.Kb2 Rb5 30.Qf3 Re1 31.g5 Rbxe5 32.h4 R1e4 33.Qf2 Rg4 34.c4 a5 35.Kc2 a4
36.Kc3 a3 37.b4 a2  0-1

[Event "ch-EU"]
[Site "Liverpool ENG"]
[Date "2006.09.12"]
[Round "7"]
[White "Meijers,V"]
[Black "Brandenburg,D"]
[Result "0-1"]
[WhiteElo "2474"]
[BlackElo "2392"]

1.e4 c5 2.Nf3 d6 3.d4 cxd4 4.Nxd4 Nf6 5.Nc3 Nc6 6.Bg5 e6 7.Qd2 Be7 8.Rd1 Nxd4
9.Qxd4 O-O 10.Bc4 Qa5 11.Bd2 Qe5 12.Qxe5 dxe5 13.f3 Bd7 14.Bg5 Bc6 15.Bb5 Rfc8
16.Bxc6 Rxc6 17.Bxf6 Bxf6 18.Rd7 Rb6 19.Nd1 Rc8 20.c3 Kf8 21.Kd2 Be7 22.Re1 Bd6
23.a4 a5 24.Kc2 Ke8 25.Rxd6 Rxd6 26.Ne3 Ke7 27.b3 Rc5 28.Rb1 Rdc6 29.c4 Rd6
30.b4 axb4 31.Rxb4 Rc7 32.Rb5 f6 33.a5 Rcd7 34.c5 Rd4 35.Kb2 h5 36.Rb6 Rd2+
37.Nc2 Rxg2 38.c6 bxc6 39.a6 Kd6 40.Kc3 Rxh2 41.Nb4 Rc7 42.Rb8 c5 43.Rb6+ Kd7
44.Nd3 Ra2 45.Kc4 Ra5 46.f4 exf4 47.Nxf4 Ra4+ 48.Kd3 Rd4+ 49.Ke3 Rd6 50.Rb8 Rxa6
51.Nxh5 Kd6  0-1

[Event "EU-chG16"]
[Site "Herceg Novi MNE"]
[Date "2006.09.13"]
[Round "4"]
[White "Uta,Ad"]
[Black "Botezatu,M"]
[Result "1/2-1/2"]
[WhiteElo "2050"]
[BlackElo "1914"]

1.e4 c5 2.Nf3 Nc6 3.d4 cxd4 4.Nxd4 Nf6 5.Nc3 d6 6.Bg5 e6 7.Be2 a6 8.Qd2 Bd7
9.O-O h6 10.Be3 b5 11.a3 Qc7 12.f4 Nxd4 13.Bxd4 e5 14.Be3 Bc6 15.Bf3 Be7
16.Rae1 O-O 17.f5 Nh7 18.Qf2 Ng5 19.Qg3 Kh7 20.h4 Nxf3+ 21.Rxf3 Rad8 22.Qf2 Bf6
23.g4 Qe7 24.Rh3 g5 25.hxg5 Bxg5 26.Qd2 Rg8 27.Kf2 Kg7 28.Reh1 Rh8 29.Bxg5 Qxg5
30.Qxg5+ hxg5 31.Rxh8 Rxh8 32.Rxh8 Kxh8 33.Ke3 Kg7 34.Nd5 Bxd5 35.exd5 Kf6
36.Kd3 Ke7 37.c4 bxc4+ 38.Kxc4 f6 39.b4 Kd7 40.a4 Kc7 41.a5 Kb8 42.Kd3 Kb7  1/2-1/2

[Event "ch-EU"]
[Site "Liverpool ENG"]
[Date "2006.09.13"]
[Round "8"]
[White "Luther,T"]
[Black "Littlewood,J"]
[Result "1-0"]
[WhiteElo "2589"]
[BlackElo "2244"]

1.e4 c5 2.Nf3 d6 3.d4 cxd4 4.Nxd4 Nf6 5.Nc3 Nc6 6.Bg5 g6 7.Bxf6 exf6 8.Bc4 Bg7
9.Ndb5 O-O 10.Qxd6 f5 11.O-O-O Qb6 12.Nd5 Qxf2 13.Nf6+ Kh8 14.Nc7 Be6 15.Bxe6 Rad8
16.Bd7 Qh4 17.Nce8 Rfxe8 18.Nxe8 Be5 19.Qf8+  1-0

[Event "14th Bora Kostic Mem"]
[Site "Vrsac SCG"]
[Date "2006.09.13"]
[Round "2"]
[White "Korneev,O"]
[Black "Markus,R"]
[Result "1-0"]
[WhiteElo "2638"]
[BlackElo "2586"]

1.e4 c5 2.Nf3 d6 3.d4 cxd4 4.Nxd4 Nf6 5.Nc3 Nc6 6.Bg5 e6 7.Qd2 a6 8.O-O-O Bd7
9.f3 Be7 10.Kb1 b5 11.h4 h6 12.Be3 Ne5 13.Bd3 Qc7 14.g4 b4 15.Nce2 Nxd3 16.cxd3 e5
17.Rc1 Qb7 18.Nf5 Bxf5 19.gxf5 a5 20.Rhg1 Nh5 21.d4 Rc8 22.Rxc8+ Qxc8 23.dxe5 dxe5
24.Qd5 Qa6 25.Bc5 Bxc5 26.Qxc5 Qd3+ 27.Kc1 Nf6 28.Rd1 Nd7 29.Qc8+ Ke7 30.Qxh8 Qxe2
31.Qc8 Qb5 32.Rd5 Qf1+ 33.Rd1 Qb5 34.Qc7 Ke8 35.Rd5 Qf1+ 36.Rd1 Qb5 37.Qd6 Qb7
38.Kb1 Qa7 39.Rc1 Kd8 40.b3 h5 41.Ka1 Qb7 42.f6  1-0

[Event "5th Open"]
[Site "Izmir TUR"]
[Date "2006.09.14"]
[Round "5"]
[White "Makropoulou,M"]
[Black "Esen,B"]
[Result "0-1"]
[WhiteElo "2297"]
[BlackElo "2459"]

1.e4 c5 2.Nf3 d6 3.d4 cxd4 4.Nxd4 Nf6 5.Nc3 Nc6 6.Bg5 g6 7.Bxf6 exf6 8.Be2 Bg7
9.Ndb5 O-O 10.Qxd6 f5 11.O-O fxe4 12.Nxe4 Bxb2 13.Qxd8 Rxd8 14.Rad1 Nd4 15.Nxd4 Bxd4
16.c3 Bb6 17.Rxd8+ Bxd8 18.Bc4 Be7 19.Rd1 Kf8 20.Nd6 Bxd6 21.Rxd6 Bf5 22.f3 Rc8
23.Rd4 Ke7 24.Kf2 Rc5 25.g4 Bc8 26.Re4+ Kf8 27.Rf4 f5 28.g5 Bd7 29.Ke3 b5
30.Bb3 Rxc3+ 31.Kd4 Rc7 32.Ke5 Be8 33.h4 a5 34.Kd6 Rc3 35.Bd5 Bf7 36.h5 Rd3
37.hxg6 Rxd5+  0-1

[Event "ProMoPro Open"]
[Site "Prague CZE"]
[Date "2006.09.15"]
[Round "7"]
[White "Framberk,J"]
[Black "Slechta,K"]
[Result "1/2-1/2"]
[WhiteElo "2089"]
[BlackElo "1935"]

1.e4 c5 2.Nf3 Nc6 3.d4 cxd4 4.Nxd4 Nf6 5.Nc3 d6 6.Bg5 e6 7.Bb5 Bd7 8.Bxc6 bxc6
9.Qf3 Rb8 10.e5 dxe5 11.Nxc6 Bxc6 12.Qxc6+ Qd7 13.Qxd7+ Nxd7 14.O-O-O f5
15.f3 h6 16.Be3 a6 17.Rhe1 Bb4 18.Rd3 Nf6 19.Bd2 e4 20.fxe4 Bxc3 21.Rxc3 Nxe4
22.Rc6 Kf7 23.Rxa6 Nxd2 24.Kxd2 Rxb2 25.Kc3 Rhb8 26.Rexe6 Rxa2 27.Rxh6 Rxc2+
28.Kxc2 gxh6 29.Rxh6 Rg8 30.g3 f4 31.gxf4 Rg4  1/2-1/2

[Event "TCh-FIN 2006-7"]
[Site "Vantaa FIN"]
[Date "2006.09.16"]
[Round "1"]
[White "Alava,M"]
[Black "Fieandt,J"]
[Result "1/2-1/2"]
[WhiteElo "2206"]
[BlackElo "2131"]

1.e4 c5 2.Nf3 d6 3.d4 cxd4 4.Nxd4 Nf6 5.Nc3 Nc6 6.Bg5 e6 7.Qd2 a6 8.O-O-O Bd7
9.f3 b5 10.Nxc6 Bxc6 11.Qe3 Be7 12.Bxf6 Bxf6 13.Nd5 Bxd5 14.exd5 e5 15.Kb1 O-O
16.Bd3 Bg5 17.Qe1 f5 18.g4 Bh4 19.Qe2 fxg4 20.Rhg1 Rf4 21.Rxg4 Rxg4 22.fxg4 Qe7  1/2-1/2

[Event "12th DDS League and Open"]
[Site "Tuzla BIH"]
[Date "2006.09.17"]
[Round "4"]
[White "Mujic,H"]
[Black "Elez,S"]
[Result "1-0"]
[WhiteElo "2352"]
[BlackElo "2168"]

1.e4 c5 2.Nf3 Nc6 3.d4 cxd4 4.Nxd4 Nf6 5.Nc3 d6 6.Bg5 e6 7.Qd2 a6 8.O-O-O Be7
9.Be2 Qc7 10.Rhe1 Bd7 11.f4 Rc8 12.Kb1 Nxd4 13.Qxd4 Bc6 14.Bf3 O-O 15.Bxf6 Bxf6
16.Qxd6 Qb6 17.e5 Bh4 18.Rf1 Rfd8 19.Qa3 Bxf3 20.gxf3 Qe3 21.Rxd8+ Rxd8 22.Qb4 b5
23.a3 g6 24.Qe4 Qc5 25.f5 Rd4 26.Qa8+ Rd8 27.Qxa6 b4 28.axb4 Qxe5 29.fxe6 Bf6
30.exf7+ Kxf7 31.f4 Qc7 32.Ne4 Be7 33.Ng5+  1-0

[Event "EU-chG16"]
[Site "Herceg Novi MNE"]
[Date "2006.09.18"]
[Round "8"]
[White "Uta,Ad"]
[Black "Ignacz,M"]
[Result "0-1"]
[WhiteElo "2050"]
[BlackElo "2255"]

1.e4 c5 2.Nf3 d6 3.d4 cxd4 4.Nxd4 Nf6 5.Nc3 Nc6 6.Bg5 e6 7.Qd2 a6 8.O-O-O h6
9.Bf4 Bd7 10.Nxc6 Bxc6 11.f3 d5 12.exd5 Nxd5 13.Bc4 Bb4 14.Bxd5 Bxd5 15.Qd4 Bxc3
16.Qxc3 O-O 17.Rd4 Rc8 18.Qd2 Qf6 19.Kb1 Rfd8 20.Rd1 Qf5 21.g4 Qg6 22.h4 b5
23.h5 Qh7 24.Be3 Rd6 25.Qe2 Rdc6 26.R4d2 f5 27.Rg1 fxg4 28.Rxg4 Qf5 29.Bxh6 Bxf3
30.Rxg7+ Kh8 31.Qf2 Rxc2 32.Rxc2 Rxc2 33.Qxc2 Be4 34.Rg2 Qf1+ 35.Bc1 Qxg2  0-1

[Event "EU-chG18"]
[Site "Herceg Novi MNE"]
[Date "2006.09.18"]
[Round "8"]
[White "Benmesbah,N"]
[Black "Choisy,M"]
[Result "1/2-1/2"]
[WhiteElo "2125"]
[BlackElo "2145"]

1.e4 c5 2.Nf3 d6 3.d4 cxd4 4.Nxd4 Nf6 5.Nc3 Nc6 6.Bg5 e5 7.Ndb5 a6 8.Na3 b5
9.Bxf6 gxf6 10.Nd5 f5 11.Bd3 Be6 12.c3 Bg7 13.Qh5 Rb8 14.Nc2 fxe4 15.Bxe4 Ne7
16.Nce3 Ng6 17.O-O Qh4 18.Qxh4 Nxh4 19.Rfd1 Kd7 20.g3 f5 21.Bd3 Nf3+ 22.Kg2 e4
23.Be2 Ne5 24.Rd2  1/2-1/2

[Event "EU-chB18"]
[Site "Herceg Novi MNE"]
[Date "2006.09.18"]
[Round "8"]
[White "Ragger,M"]
[Black "Gonda,L"]
[Result "1-0"]
[WhiteElo "2456"]
[BlackElo "2447"]

1.e4 c5 2.Nf3 d6 3.d4 cxd4 4.Nxd4 Nf6 5.Nc3 Nc6 6.Bg5 Bd7 7.Be2 Qa5 8.Bxf6 gxf6
9.O-O Nxd4 10.Qxd4 Rc8 11.Rac1 Qc5 12.Qd3 e6 13.Kh1 Be7 14.f4 O-O 15.Qh3 Kh8
16.Nd5 exd5 17.Qxd7 Rc7 18.Qf5 dxe4 19.Qxe4 f5 20.Qf3 Bf6 21.Bd3 Re7 22.Rce1 Rfe8
23.Rxe7 Rxe7 24.b3 Bg7 25.Qh5 h6 26.Bxf5 Qf2 27.Qd1 Qe2 28.Qxe2 Rxe2 29.Bd3 Re3
30.g3 Bc3 31.Kg2 Kg7 32.Bc4 Bb4 33.Kh3 Re1 34.Rxe1 Bxe1 35.Kg4 Kf6 36.Kh5 Kg7
37.Bxf7 Kxf7 38.Kxh6  1-0

[Event "14th Bora Kostic Mem"]
[Site "Vrsac SCG"]
[Date "2006.09.18"]
[Round "6"]
[White "Delchev,A"]
[Black "Munizaba,S"]
[Result "1-0"]
[WhiteElo "2637"]
[BlackElo "2319"]

1.e4 c5 2.Nf3 Nc6 3.d4 cxd4 4.Nxd4 Nf6 5.Nc3 d6 6.Bg5 e6 7.Qd2 a6 8.O-O-O Nxd4
9.Qxd4 Be7 10.h4 b5 11.e5 dxe5 12.Qxe5 Qb6 13.Ne4 Nxe4 14.Bxe7 Bb7 15.Bb4 f6
16.Qh5+ g6 17.Qh6 Bd5 18.Bd3 O-O-O 19.Bxe4 Bxe4 20.f3 Bd5 21.Be7 Rd7 22.Bxf6 Rg8
23.Rd3 Kb7 24.Bd4 Qa5 25.Ra3 Qb4 26.Bf2 g5 27.hxg5 Rc8 28.g6 Rdc7 29.c3 Rxc3+
30.Rxc3 Rxc3+ 31.bxc3 Qxc3+ 32.Kd1 Qd3+ 33.Qd2 Qb1+ 34.Qc1 Qd3+ 35.Ke1 Bc4
36.Qb2  1-0

[Event "14th Bora Kostic Mem"]
[Site "Vrsac SCG"]
[Date "2006.09.18"]
[Round "6"]
[White "Spraggett,K"]
[Black "Solak,D"]
[Result "1-0"]
[WhiteElo "2577"]
[BlackElo "2564"]

1.e4 c5 2.Nf3 d6 3.d4 cxd4 4.Nxd4 Nf6 5.Nc3 Nc6 6.Bg5 e6 7.Qd2 Be7 8.Nb3 h6
9.Be3 O-O 10.f3 d5 11.exd5 Nxd5 12.Nxd5 exd5 13.O-O-O Be6 14.Kb1 a5 15.Nd4 Rc8
16.g4 a4 17.a3 Ne5 18.h4 b5 19.g5 h5 20.Nxe6 fxe6 21.Bh3 Rc6 22.f4 Nc4 23.Qe2 Bxa3
24.Bc1 Qb6 25.Qxh5 Bxb2 26.Bxb2 Nxb2 27.g6 Rxf4 28.Qh7+ Kf8 29.Qh8+ Ke7 30.Qxg7+ Kd6
31.Qxb2 Qc5 32.c3 b4 33.g7 Rc8 34.Qe2 Rf6 35.Qa6+ Ke7 36.Qb7+ Kd6 37.Qxb4 Qxb4+
38.cxb4 Rg8 39.Rdg1 Rf4 40.Rg6 Rxb4+ 41.Ka1 Rxh4 42.Rxe6+ Kc5 43.Rg6 Rh7
44.Rc1+ Kd4 45.Rd1+ Ke3 46.Re6+ Kf2 47.Rf1+ Kg3 48.Rg6+ Kh2 49.Bg2 Rgxg7
50.Rh1+  1-0

[Event "12th DDS League and Open"]
[Site "Tuzla BIH"]
[Date "2006.09.19"]
[Round "7"]
[White "Mujic,H"]
[Black "Cengija,V"]
[Result "1-0"]
[WhiteElo "2352"]
[BlackElo "2304"]

1.e4 c5 2.Nf3 d6 3.d4 cxd4 4.Nxd4 Nf6 5.Nc3 Nc6 6.Bg5 e6 7.Qd2 a6 8.O-O-O h6
9.Nxc6 bxc6 10.Bf4 d5 11.Qe3 Qa5 12.Be2 Bb4 13.Be5 dxe4 14.Qg3 Nd7 15.Bc7 Qg5+
16.Qxg5 hxg5 17.Nxe4 Ra7 18.Bd6 Bxd6 19.Rxd6 Ke7 20.Nxg5 Ne5 21.Rd2 c5 22.f4 Nd7
23.f5 exf5 24.Re1 Kf6 25.Nf3 Nf8 26.Rd8 Be6 27.Rb8 Ng6 28.Rb6 Nf4 29.Bc4 Re8
30.g3 Ng6 31.Bxa6 Nf8 32.Bb5 Ree7 33.a4 g5 34.h4 gxh4 35.Nxh4 Kg5 36.Nf3+ Kg4
37.Ne5+ Kxg3 38.Rb8 Ng6 39.Nc6 Reb7 40.Rg8 Rxb5 41.axb5 Kf2 42.Rxe6 Ra1+
43.Kd2 fxe6 44.Rxg6  1-0

[Event "2nd Geller Mem Open-A"]
[Site "Odessa UKR"]
[Date "2006.09.21"]
[Round "3"]
[White "Vovk,Y"]
[Black "Shishkin,Va UKR"]
[Result "0-1"]
[WhiteElo "2441"]
[BlackElo "2529"]

1.e4 c5 2.Nf3 Nc6 3.d4 cxd4 4.Nxd4 Nf6 5.Nc3 d6 6.Bg5 e6 7.Qd2 a6 8.O-O-O Nxd4
9.Qxd4 Be7 10.f4 b5 11.Be2 Bb7 12.Bf3 O-O 13.e5 Bxf3 14.exf6 gxf6 15.gxf3 fxg5
16.Ne4 d5 17.Nxg5 Bf6 18.Qd3 Bxg5 19.Rdg1 Qf6 20.h4 Qxf4+ 21.Kb1 Qc4 22.Qe3 Qf1+  0-1

[Event "15th TCh-CRO"]
[Site "Sibenik CRO"]
[Date "2006.09.24"]
[Round "3"]
[White "Jusic,Z"]
[Black "Doric,D"]
[Result "0-1"]
[WhiteElo "2400"]
[BlackElo "2420"]

1.e4 c5 2.Nf3 d6 3.d4 cxd4 4.Nxd4 Nf6 5.Nc3 Nc6 6.Bg5 e6 7.Qd2 Be7 8.O-O-O O-O
9.f3 Nxd4 10.Qxd4 a6 11.h4 Qc7 12.g4 Rd8 13.h5 h6 14.Bh4 b5 15.g5 hxg5 16.Bxg5 b4
17.Na4 Qa5 18.Rg1 e5 19.Qf2 Rf8 20.Qg2 Kh7 21.Be3 Ne8 22.b3 Rb8 23.Bc4 Qd8
24.h6 g5 25.Qh2 f5 26.Qh5 f4 27.Bf7 fxe3 28.Qg6+ Kh8 29.h7 Ng7 30.Rd3 Bf6
31.Rxe3 Qe7 32.Bc4 a5 33.Rd3 Be6 34.Bd5 Bd7 35.Bg8 Bc6 36.Rgd1 Rfd8 37.Nb2 Be8
38.Qh6 Bb5 39.Rd5 Be2 40.Re1 Bxf3 41.Rxa5 g4 42.Kb1 Bg5 43.Qh2 Bf4 44.Qf2 Ra8
45.Nc4 Rxa5 46.Nxa5 Qc7 47.Nc4 Rf8 48.Bd5 Qe7 49.Qb6 Kxh7 50.Qxb4 g3 51.Qc3 Bh5
52.a4 Qa7 53.a5 g2 54.Nb6 Bh2  0-1

[Event "Tatry Open"]
[Site "Tatranske Zruby SVK"]
[Date "2006.09.25"]
[Round "4"]
[White "Vojtek,V"]
[Black "Jelen,P1"]
[Result "1-0"]
[WhiteElo "2387"]
[BlackElo "2233"]

1.e4 c5 2.Nf3 Nc6 3.d4 cxd4 4.Nxd4 Nf6 5.Nc3 d6 6.Bg5 e6 7.f3 Be7 8.Qd2 h6
9.Be3 a6 10.O-O-O Qc7 11.Kb1 Bd7 12.Nb3 b5 13.Bxb5 axb5 14.Nxb5 Qb8 15.Nxd6+ Bxd6
16.Qxd6 Qxd6 17.Rxd6 Ne5 18.Nd2 Bb5 19.b3 Ra6 20.Rxa6 Bxa6 21.c4 O-O 22.Kc2 Nc6
23.a3 Rc8 24.Rd1 Ne5 25.Bd4 Ned7 26.Nb1 Bb7 27.Nc3 Bc6 28.a4 Nh5 29.Nb5 Ba8
30.Be3 Ne5 31.Kc3 g5 32.Nd6 Rd8 33.b4 g4 34.c5 gxf3 35.gxf3 Nxf3 36.Rf1 Ng5
37.Bxg5 hxg5 38.b5 Nf4 39.a5 e5 40.a6 f5 41.b6 Bc6 42.b7 fxe4 43.Rb1 Nd5+
44.Kd2 e3+ 45.Ke1 Nf4 46.b8=Q Rxb8 47.Rxb8+ Kh7 48.Rb3 Bf3 49.Rxe3 Ng2+ 50.Kf2 Nxe3
51.Kxf3 Nd5 52.a7 Nc7 53.Nb5  1-0

[Event "1st TCH-MNE"]
[Site "Herceg Novi MNE"]
[Date "2006.09.27"]
[Round "6"]
[White "Solomunovic,I"]
[Black "Genov,Peta"]
[Result "0-1"]
[WhiteElo "2428"]
[BlackElo "2479"]

1.e4 c5 2.Nf3 Nc6 3.d4 cxd4 4.Nxd4 Nf6 5.Nc3 d6 6.Bg5 e6 7.Qd2 a6 8.O-O-O Be7
9.f3 Qc7 10.Kb1 Nxd4 11.Qxd4 b5 12.g4 Bb7 13.Be3 O-O 14.g5 Nd7 15.h4 Ne5
16.f4 Ng4 17.Bc1 b4 18.Na4 e5 19.fxe5 dxe5 20.Qd7 Rac8 21.Qxc7 Rxc7 22.Re1 Nf2
23.Rh2 Nxe4 24.Rhe2 Ng3 25.Rxe5 Bd6 26.R5e3 Nxf1 27.Rxf1 Rc4 28.Rd1 Bf4 29.Nb6 Rc7
30.Rb3 Be4 31.Bxf4 Bxc2+ 32.Kc1 Bxd1+ 33.Kxd1 Rd8+ 34.Ke2 Rc2+ 35.Kf3 a5
36.a3 bxa3 37.bxa3 f5 38.a4 Rd4 39.h5 Rb4 40.Rxb4 axb4 41.a5 b3 42.a6 Ra2
43.Be5 Rxa6 44.Nc4 Ra4 45.Nd2 Rb4 46.Bc3 Rh4 47.Ke3 Rh3+ 48.Nf3 Rxh5 49.Kf4 g6
50.Bf6 Rh3 51.Ke3 Kf7 52.Kf2 f4 53.Bh8 Ke6 54.Kg2 Rg3+ 55.Kf2 Kf5 56.Bg7 Kg4
57.Nd2 Kxg5 58.Ne4+ Kf5 59.Nxg3+ fxg3+ 60.Kf3 g2 61.Kxg2 Ke4 62.Kg3 Kd3 63.Kg4 Kc2  0-1

[Event "15th TCh-CRO"]
[Site "Sibenik CRO"]
[Date "2006.09.27"]
[Round "6"]
[White "Ciganovic,N"]
[Black "Doric,D"]
[Result "0-1"]
[WhiteElo "2258"]
[BlackElo "2420"]

1.e4 c5 2.Nf3 d6 3.d4 cxd4 4.Nxd4 Nf6 5.Nc3 Nc6 6.Bg5 e6 7.Qd2 Be7 8.O-O-O O-O
9.f4 Nxd4 10.Qxd4 a6 11.Bd3 Bd7 12.e5 dxe5 13.fxe5 Nd5 14.Bxe7 Qxe7 15.Ne4 Rac8
16.Rhf1 Qb4 17.Qf2 Bb5 18.a3 Qa4 19.Nc5 Qg4 20.Kb1 Bc6 21.Rde1 Ne7 22.Be4 Bxe4
23.Rxe4 Qg6 24.Rf4 Rc7 25.h3 Nc6 26.Qe3 Qh6 27.R1f3 Ne7 28.Qf2 Nf5 29.g4 Nh4
30.g5 Qxg5 31.Nxe6 Nxf3 32.Nxg5 Nxg5 33.h4 Ne6 34.Rg4 Rd8 35.h5 h6 36.c3 Kh8
37.Qe3 Rd5 38.Re4 Re7 39.c4 Rd1+ 40.Ka2 Red7 41.c5 R1d5 42.Rc4 Nd8 43.Rc2 Re7
44.Rd2 Rexe5 45.Qg3 Rxh5 46.Rxd5 Rxd5 47.b4 Rd7 48.Qb8 Kh7 49.Qc8 Rd5 50.a4 h5
51.Kb3 g6 52.Kc4 Rd1 53.b5 axb5+ 54.axb5 Kg7 55.Kb4 h4 56.Qg4 Rd5 57.Kc4 Rd2
58.Kc3 Rd5 59.Kc4 Rd2 60.Qc8 Rd1 61.Kb4 Ne6 62.Qxb7 h3 63.Qf3 Rb1+ 64.Ka5 h2
65.Qc3+ Kg8 66.c6 h1=Q  0-1

[Event "Tatry Open"]
[Site "Tatranske Zruby SVK"]
[Date "2006.09.27"]
[Round "6"]
[White "Klima,L"]
[Black "Jelen,P1"]
[Result "1/2-1/2"]
[WhiteElo "2443"]
[BlackElo "2233"]

1.e4 c5 2.Nf3 Nc6 3.d4 cxd4 4.Nxd4 Nf6 5.Nc3 d6 6.Bg5 e6 7.Qd2 Be7 8.O-O-O O-O
9.f4 Nxd4 10.Qxd4 Qa5 11.Bc4 Bd7 12.e5 dxe5 13.fxe5 Bc6 14.Bd2 Nd7 15.Nd5 Qd8
16.Nxe7+ Qxe7 17.Rhe1 Rfc8 18.Qg4 Nf8 19.Bd3 a5 20.h4 Ng6 21.h5 Qh4 22.Qxh4 Nxh4
23.h6 Ng6 24.hxg7 Bxg2 25.Bg5 Bd5 26.Bxg6 fxg6 27.Bh6 Rc7 28.Rf1 Rxg7 29.Bxg7 Kxg7
30.Rd4 Rc8 31.Kd2 h5 32.b3 Rc5 33.c4 Bg2 34.Rg1 Bc6 35.Re1 g5 36.Rd6 Kf7
37.Kc3 Bf3 38.Kd4 Rc7 39.Ke3 Bg4 40.Rd8 Bf5 41.Rg1 Bg4 42.Ke4 Kg7 43.Rf1 Bh3
44.Rg1 Bf5+ 45.Kf3 Kh6 46.Rg8 Rf7 47.Rh8+ Bh7+ 48.Ke3 Rf5 49.Kd4 Rf4+ 50.Kc5 h4
51.Rxh7+ Kxh7 52.Rxg5 Kh6 53.Rg8 Rf5 54.Kd6 Rh5 55.Kxe6 h3 56.Kf6 Kh7 57.Rg7+ Kh8
58.Rg1 h2 59.Rh1 Kg8 60.a3 Kf8 61.b4 axb4 62.axb4 Ke8 63.c5 Rh6+ 64.Kg5 Rh8
65.b5 Ke7 66.c6 bxc6 67.bxc6 Ke6  1/2-1/2

[Event "15th TCh-CRO"]
[Site "Sibenik CRO"]
[Date "2006.09.30"]
[Round "9"]
[White "Ciganovic,N"]
[Black "Biliskov,V"]
[Result "1/2-1/2"]
[WhiteElo "2258"]
[BlackElo "2334"]

1.e4 c5 2.Nf3 d6 3.d4 cxd4 4.Nxd4 Nf6 5.Nc3 Nc6 6.Bg5 Qb6 7.Nb3 e6 8.Qd2 a6
9.O-O-O Qc7 10.f3 b5 11.Bxb5 axb5 12.Nxb5 Qb6 13.Nxd6+ Bxd6 14.Qxd6 Rb8 15.e5 Nd5
16.c4 Ndb4 17.c5 Nxa2+ 18.Kb1 Nc3+ 19.Kc1 Na2+  1/2-1/2

[Event "WJun"]
[Site "Yerevan ARM"]
[Date "2006.10.03"]
[Round "1"]
[White "Ciganovic,N"]
[Black "Gupta,Ab"]
[Result "1-0"]
[WhiteElo "2258"]
[BlackElo "2481"]

1.e4 c5 2.Nf3 d6 3.d4 cxd4 4.Nxd4 Nf6 5.Nc3 Nc6 6.Bg5 e6 7.Qd2 a6 8.O-O-O Bd7
9.Nxc6 Bxc6 10.f3 Be7 11.Bd3 O-O 12.Ne2 Nd7 13.h4 Ne5 14.Nd4 Nxd3+ 15.cxd3 Ba4
16.b3 Bd7 17.Bxe7 Qxe7 18.Qg5 f6 19.Qd2 d5 20.Kb2 e5 21.Nf5 Bxf5 22.exf5 a5
23.a3 Qd7 24.g4 d4 25.f4 a4 26.fxe5 fxe5 27.Qb4 axb3 28.Rhe1 Rfc8 29.Qxb3+ Kh8
30.Rxe5 Rc3 31.Qb5 Rc6 32.Rde1 h6 33.g5 Rf8 34.a4 Qd8 35.Re6 hxg5 36.f6 gxf6
37.hxg5 Rxe6 38.Rxe6 Qc7 39.gxf6 Qh2+ 40.Kb3 Qh1 41.Re1 Qh6 42.Qd5 Qxf6 43.Qh5+  1-0